| 000 | 00000nam##2200000za#4500 |
| 001 | 9.625107 |
| 003 | CaOODSP |
| 005 | 20250319161957 |
| 007 | ta |
| 008 | 150406|1999||||xxc||||| f|0| 0 fre|d |
| 020 | |a0-662-83942-0 |
| 022 | |a0703-0967 |
| 040 | |aCaOODSP|bfre |
| 043 | |an-cn--- |
| 086 | 1 |aCW69-9/214F |
| 110 | 2 |aService canadien de la faune. |
| 245 | 10|aPrises d'oiseaux migrateurs au Canada pendant les saisons de chasse de 1991, de 1992 et de 1993 / |cpar Hélène Lévesque et Brian Collins. |
| 260 | |aOttawa - Ontario : |bEnvironnement Canada. |cOctobre 1999. |
| 300 | |a51p. : |bfigures, références, tableaux ; |c28 cm. |
| 490 | 1 |aCahiers de biologie|x0703-0967|vN° 214 |
| 563 | |aPolycopié |
| 590 | |a99-51|b1999-12-31 |
| 691 | 07|aOiseau|2gcpds |
| 691 | 07|aChasse sportive|2gcpds |
| 720 | 1 |aLévesque, Hélène |
| 720 | 1 |aCollins, Brian |
| 775 | 08|tMigratory game birds harvested in Canada during the 1991, 1992, and 1993 hunting seasons / |w(CaOODSP)9.614920 |
| 776 | 0#|tPrises d'oiseaux migrateurs au Canada pendant les saisons de chasse de 1991, de 1992 et de 1993 |w(CaOODSP)9.602042 |
| 830 | #0|aCahiers de biologie (Service canadien de la faune)|x0703-0967|vN° 214|w(CaOODSP)9.512904 |